Bharatat shiksha bikashar itihas aru samasyawali/ (Record no. 1929)

MARC details
000 -LEADER
fixed length control field 00637cam a2200217ua 4500
005 - DATE AND TIME OF LATEST TRANSACTION
control field 20260515113436.0
008 - FIXED-LENGTH DATA ELEMENTS--GENERAL INFORMATION
fixed length control field 110806n ii |||gr||||Z||||||asm
040 ## - CATALOGING SOURCE
Transcribing agency MAIN
Original cataloging agency IN-DiNC
041 ## - LANGUAGE CODE
Language code of sung or spoken text asm
082 ## - DEWEY DECIMAL CLASSIFICATION NUMBER
Classification number 370.54
Item number SHA
100 ## - MAIN ENTRY--PERSONAL NAME
Personal name Sharma, Tarun Kr.,
Relator term author
245 1# - TITLE STATEMENT
Title Bharatat shiksha bikashar itihas aru samasyawali/
Statement of responsibility, etc. by Tarun Kr. Sharma
250 ## - EDITION STATEMENT
Edition statement 5th.
260 ## - PUBLICATION, DISTRIBUTION, ETC.
Place of publication, distribution, etc. Dibrugarh:
Name of publisher, distributor, etc. Banalata,
Date of publication, distribution, etc. 2008.
Place of publication, distribution, etc. Guahati:
300 ## - PHYSICAL DESCRIPTION
Extent 469p:
Dimensions 23cm.
650 ## - SUBJECT ADDED ENTRY--TOPICAL TERM
Topical term or geographic name entry element Education
650 ## - SUBJECT ADDED ENTRY--TOPICAL TERM
Topical term or geographic name entry element Development of education in India
653 ## - INDEX TERM--UNCONTROLLED
Uncontrolled term Education
653 ## - INDEX TERM--UNCONTROLLED
Uncontrolled term Bharatat shiksha bikashar itihas aru samasyawali
942 ## - ADDED ENTRY ELEMENTS (KOHA)
Koha item type Books
Source of classification or shelving scheme Dewey Decimal Classification
Holdings
Withdrawn status Lost status Damaged status Not for loan Home library Current library Shelving location Date acquired Total checkouts Full call number Barcode Date last seen Date last checked out Copy number Price effective from Koha item type
        Naharkatiya College Library Naharkatiya College Library General stacks 09/19/2020 1 370.54 | SHA 17531 10/01/2022 09/10/2022 1 09/19/2020 Books